Management Perspectives : Essay on managerial priorities... (Record no. 88064)

MARC details
000 -LEADER
fixed length control field 00613nam a2200217Ia 4500
008 - FIXED-LENGTH DATA ELEMENTS--GENERAL INFORMATION
fixed length control field 230125s9999 xx 000 0 und d
020 ## - INTERNATIONAL STANDARD BOOK NUMBER
International Standard Book Number 0333-93289-7
041 ## - LANGUAGE CODE
Language code of text/sound track or separate title eng
082 ## - DEWEY DECIMAL CLASSIFICATION NUMBER
Classification number 658
Item number BAL
100 ## - MAIN ENTRY--PERSONAL NAME
Personal name Balasubramanian N, Ed.
9 (RLIN) 111168
245 ## - TITLE STATEMENT
Title Management Perspectives : Essay on managerial priorities...
250 ## - EDITION STATEMENT
Edition statement 1st Ed.
260 ## - PUBLICATION, DISTRIBUTION, ETC. (IMPRINT)
Date of publication, distribution, etc. 1999
Name of publisher, distributor, etc. Macmillan publication
Place of publication, distribution, etc. Delhi
300 ## - PHYSICAL DESCRIPTION
Extent 579p
500 ## - GENERAL NOTE
Keywords Management perspectives
500 ## - GENERAL NOTE
Keywords Management;Management prespectives
650 ## - SUBJECT ADDED ENTRY--TOPICAL TERM
Topical term or geographic name as entry element Management
700 ## - ADDED ENTRY--PERSONAL NAME
Personal name Balasubramanian N, Ed.
9 (RLIN) 111168
906 ## - LOCAL DATA ELEMENT F, LDF (RLIN)
b 104
Holdings
Withdrawn status Lost status Damaged status Not for loan Home library Current library Date acquired Vendor Cost, normal purchase price Full call number Barcode Date last seen Cost, replacement price Bill Date Koha item type Original Barcode
      Reference Smt. Hiraben Nanavati Institute of Management & Research for Women Smt. Hiraben Nanavati Institute of Management & Research for Women 27/08/1999 Varma Book Distributor 695.00 658 BAL B01790 HIMR-BK-1790 25/01/2023 591.00 27/08/1999 Books B01790